000 00586nam a2200241Ia 4500
003 OSt
005 20221005131339.0
006 a|||||r|||| 00| 0
007 ta
008 221004b |||||||| |||| 00| 0 tam d
024 _a52028
037 _cTextual
040 _aCRL
_cCRL
_btam
041 _2tam
_atam
082 _aQ23:45, 31M8
100 _aJanagi
_9639477
245 0 _aSivalayangalum alaya kiriyai galum
260 _c1988
300 _a208p.
_ccm.
650 _aRELIGION
942 _hQ23:45, 31M8
_cTEXL
_2cc
999 _c1060063
_d1060063